000
00274nam a2200109Ia 4500
005
20251222144707.0
008
251222s9999||||xx |||||||||||||| ||spa||
082
_a
658.11/A82
245
0
_a
Manual de Emprendedores
264
_b
Universidad San Ignacio de Loyola
942
_c
LIB
999
_c
17668
_d
17668